[Event "BCF-chT3 0809 (4NCL)"]
[Site "Hinckley Island"]
[Date "2009.05.02"]
[Round "9.1"]
[White "Hadi, Justin"]
[Black "Baptie, Justin P"]
[Result "1/2-1/2"]
[WhiteElo "2015"]
[BlackElo "2101"]
[PlyCount "54"]
[EventDate "2008.10.18"]
[EventType "team-swiss"]
[EventRounds "11"]
[EventCountry "ENG"]
[SourceTitle "EXT 2010"]
[Source "ChessBase"]
[SourceDate "2010.11.25"]
[SourceVersion "1"]
[SourceVersionDate "2010.11.25"]
[SourceQuality "1"]
[WhiteTeam "Oxford III"]
[BlackTeam "Slough Sharks"]
[WhiteTeamCountry "ENG"]
[BlackTeamCountry "ENG"]

1. b3 Nf6 2. g3 d5 3. Bb2 c5 4. Bg2 Nc6 5. d3 b6 6. e3 Bb7 7. Nd2 e6 8. Ne2 Be7 9. h3 Qc7 10. a3 0-0 11. c4 Ne5 12. Bxe5 Qxe5 13. 0-0 Qc7 14. e4 Rad8 15. Qc2 Rd7 16. Rfd1 Rfd8 17. Nc3 a6 18. Nf1 h6 19. Rd2 dxe4 20. dxe4 Rxd2 21. Nxd2 Qd7 22. Rd1 Qd3 23. Qc1 Qd7 24. e5 Nh7 25. Nde4 Qc7 26. Rxd8+ Qxd8 27. Qd2 Qxd2 1/2-1/2

[Event "Southend op"]
[Site "Southend"]
[Date "2009.04.10"]
[Round "2"]
[White "Lock, Gavin R"]
[Black "Baptie, Justin P"]
[Result "1-0"]
[WhiteElo "2212"]
[BlackElo "2101"]
[PlyCount "83"]
[EventDate "2009.04.10"]
[EventType "swiss"]
[EventRounds "7"]
[EventCountry "ENG"]
[SourceTitle "CBM 130 Extra"]
[Source "ChessBase"]
[SourceDate "2009.07.02"]
[SourceVersion "2"]
[SourceVersionDate "2009.07.15"]
[SourceQuality "1"]

1. d4 Nf6 2. Nf3 d5 3. c4 e6 4. Nc3 c5 5. cxd5 exd5 6. g3 Nc6 7. Bg2 Be7 8. 0-0 0-0 9. Bg5 cxd4 10. Nxd4 h6 11. Be3 Re8 12. Rc1 Bf8 13. Nxc6 bxc6 14. Na4 Bd7 15. Bc5 Bxc5 16. Nxc5 Bf5 17. Re1 Qb6 18. b3 Ne4 19. Qd4 Rac8 20. e3 Qa5 21. Re2 Ng5 22. h4 Ne4 23. b4 Qa3 24. Qb2 Qxb2 25. Rxb2 Nxc5 26. Rxc5 Bd3 27. Bh3 Rc7 28. Rd2 Bc4 29. a3 Kf8 30. Rd4 Rb8 31. e4 Re7 32. Bg2 Rb5 33. Rxc6 a5 34. Rc8+ Re8 35. Rxe8+ Kxe8 36. exd5 Bb3 37. Bf3 Kd7 38. Be2 Rxd5 39. Rxd5+ Bxd5 40. bxa5 Kc7 41. f4 f6 42. Kf2 1-0

[Event "Southend op"]
[Site "Southend"]
[Date "2007.04.09"]
[Round "7"]
[White "Baptie, Justin P"]
[Black "House, Glenn"]
[Result "0-1"]
[WhiteElo "2081"]
[BlackElo "2244"]
[PlyCount "58"]
[EventDate "2007.04.06"]
[EventType "swiss"]
[EventRounds "7"]
[EventCountry "ENG"]
[SourceTitle "CBM 117 Extra"]
[Source "ChessBase"]
[SourceDate "2007.05.09"]
[SourceVersion "1"]
[SourceVersionDate "2007.05.09"]
[SourceQuality "1"]

1. e4 c5 2. Nf3 e6 3. d4 cxd4 4. Nxd4 Nf6 5. Nc3 d6 6. g4 h6 7. Be3 Nc6 8. h3 a6 9. Bg2 Qc7 10. a4 Be7 11. Qd2 Bd7 12. Nb3 Ne5 13. Qe2 Nc4 14. Bc1 Rc8 15. 0-0 b5 16. axb5 axb5 17. Nd2 0-0 18. Nxc4 Qxc4 19. Qf3 b4 20. Ne2 Bc6 21. Ng3 Qxc2 22. Ra7 Nd7 23. Qe3 Bf6 24. Nh5 Bg5 25. f4 Bd8 26. Ra6 Bb5 27. Rxd6 Bxf1 28. Bxf1 Qxc1 29. Qd4 Qc5 0-1

[Event "Southend op"]
[Site "Southend"]
[Date "2007.04.06"]
[Round "2"]
[White "Amato, Giampiero"]
[Black "Baptie, Justin P"]
[Result "0-1"]
[WhiteElo "1969"]
[BlackElo "2081"]
[PlyCount "130"]
[EventDate "2007.04.06"]
[EventType "swiss"]
[EventRounds "7"]
[EventCountry "ENG"]
[SourceTitle "CBM 117 Extra"]
[Source "ChessBase"]
[SourceDate "2007.05.09"]
[SourceVersion "1"]
[SourceVersionDate "2007.05.09"]
[SourceQuality "1"]

1. e4 c5 2. Nf3 e6 3. d4 cxd4 4. Nxd4 Nf6 5. Nc3 Qb6 6. Nb3 Bb4 7. Bd3 Bxc3+ 8. bxc3 d6 9. 0-0 Nbd7 10. Be3 Qc7 11. Qe1 b6 12. f4 Bb7 13. Bd2 0-0 14. Kh1 Rfe8 15. Nd4 a6 16. Rd1 Rad8 17. Qe2 Nc5 18. e5 Nfe4 19. exd6 Rxd6 20. Be1 Nxd3 21. Rxd3 Red8 22. Re3 f5 23. Qh5 Qc4 24. Rg1 Nf6 25. Qe2 Qxe2 26. Rxe2 Ne4 27. Rf1 Bd5 28. Bh4 Rc8 29. Ra1 Nxc3 30. Ree1 Bxa2 31. Bf2 Ne4 32. Bg1 Bc4 33. h3 a5 34. Reb1 Ra8 35. Nf3 b5 36. Be3 a4 37. Ne5 Nc3 38. Nxc4 bxc4 39. Rb7 Rd1+ 40. Rxd1 Nxd1 41. Bd4 Rd8 42. Be5 Ne3 43. Rxg7+ Kf8 44. Rxh7 Rd2 45. Ra7 Nxg2 46. Rxa4 Rxc2 47. Ra8+ Ke7 48. Rc8 Ne1 49. Kg1 Nf3+ 50. Kf1 Nxe5 51. fxe5 Kf7 52. h4 c3 53. h5 Kg7 54. Rc6 Kh6 55. Rxe6+ Kxh5 56. Rc6 Kg4 57. e6 Kf3 58. Kg1 Kg3 59. Kf1 f4 60. e7 Rc1+ 61. Ke2 f3+ 62. Kd3 Re1 63. Rg6+ Kf2 64. Rg7 Re3+ 65. Kc2 Ke2 0-1

[Event "Southend op-A"]
[Site "Southend"]
[Date "2006.04.16"]
[Round "5"]
[White "Greet, Andrew"]
[Black "Baptie, Justin P"]
[Result "1-0"]
[WhiteElo "2418"]
[BlackElo "2049"]
[PlyCount "61"]
[EventDate "2006.04.14"]
[EventType "swiss"]
[EventRounds "7"]
[EventCountry "ENG"]
[SourceTitle "EXT 2007"]
[Source "ChessBase"]
[SourceDate "2006.11.23"]
[SourceVersion "1"]
[SourceVersionDate "2006.11.23"]
[SourceQuality "1"]

1. e4 c5 2. Nf3 Nc6 3. Bb5 g6 4. Bxc6 dxc6 5. d3 Bg7 6. h3 Nf6 7. Nc3 0-0 8. Be3 b6 9. a4 a5 10. 0-0 Qc7 11. Nd2 e5 12. f4 Bh6 13. Qf3 exf4 14. Bxf4 Bxf4 15. Qxf4 Qxf4 16. Rxf4 Nh5 17. Rf2 Be6 18. b3 Ra7 19. Ne2 Rd8 20. Kh2 Kf8 21. Raf1 Ke8 22. g4 Ng7 23. Nf4 Rdd7 24. e5 Re7 25. Nxe6 Nxe6 26. Nc4 Nd4 27. c3 Ne6 28. Nxb6 Rec7 29. Nc4 Nd8 30. Rf6 Ke7 31. Nd6 1-0

[Event "Southend op"]
[Site "London"]
[Date "2005.03.28"]
[Round "7"]
[White "Walker, Martin Graham"]
[Black "Baptie, Justin P"]
[Result "1-0"]
[WhiteElo "2257"]
[BlackElo "2053"]
[PlyCount "57"]
[EventDate "2005.03.25"]
[EventType "swiss"]
[EventRounds "7"]
[EventCountry "ENG"]
[SourceTitle "EXT 2006"]
[Source "ChessBase"]
[SourceDate "2005.11.24"]
[SourceVersion "1"]
[SourceVersionDate "2005.11.24"]
[SourceQuality "1"]

1. e4 c5 2. Nf3 Nc6 3. Bb5 g6 4. 0-0 Bg7 5. c3 a6 6. Bxc6 dxc6 7. d3 Nf6 8. Qe2 0-0 9. Rd1 Re8 10. d4 cxd4 11. cxd4 Qa5 12. Nc3 Qh5 13. h3 e5 14. dxe5 Nd7 15. Bf4 Nxe5 16. Nxe5 Qxe2 17. Nxe2 Bxe5 18. Bxe5 Rxe5 19. Rd8+ Kg7 20. Nc3 b5 21. Rad1 Re7 22. f4 Rc7 23. e5 Raa7 24. Ne4 Bf5 25. Nf6 Rc8 26. Rxc8 Bxc8 27. Rd8 Bf5 28. Rg8+ Kh6 29. g4 1-0

[Event "Southend op"]
[Site "London"]
[Date "2002.03.30"]
[Round "4"]
[White "Talbot, Andrew R"]
[Black "Baptie, Justin P"]
[Result "1/2-1/2"]
[WhiteElo "2259"]
[BlackElo "1784"]
[PlyCount "54"]
[EventDate "2002.03.29"]
[EventType "swiss"]
[EventRounds "7"]
[EventCountry "ENG"]
[SourceTitle "EXT 2006"]
[Source "ChessBase"]
[SourceDate "2005.11.24"]
[SourceVersion "1"]
[SourceVersionDate "2005.11.24"]
[SourceQuality "1"]

1. d4 Nf6 2. c4 c5 3. d5 e6 4. Nc3 exd5 5. cxd5 d6 6. e4 g6 7. f3 Bg7 8. Bg5 h6 9. Be3 0-0 10. Nge2 b6 11. a4 Ba6 12. Nb5 Bxb5 13. axb5 a5 14. Ng3 Ra7 15. Be2 Re7 16. 0-0 Nh7 17. Qd2 h5 18. Rae1 h4 19. Nh1 f5 20. Bd3 f4 21. Bxf4 Bxb2 22. Qxb2 Rxf4 23. Nf2 Ng5 24. h3 Nd7 25. Ng4 Ne5 26. Nxe5 Rxe5 27. Qd2 Qf6 1/2-1/2